Statistics for Arms Exports - Russia

Click here to take the quiz!

General Stats

  • This quiz has been taken 6,914 times
    (6,820 since last reset)
  • The average score is 14 of 21

Answer Stats

Rank Recipient % Correct
2China
97%
16Iran
93%
1India
90%
8Syria
88%
21Pakistan
88%
6Iraq
87%
10Kazakhstan
84%
5Egypt
79%
17Afghanistan
79%
4Vietnam
76%
14Indonesia
71%
11Belarus
70%
3Algeria
63%
7Azerbaijan
60%
19Bangladesh
59%
13Myanmar
57%
20Armenia
57%
9Venezuela
50%
12United Arab Emirates
49%
18Angola
30%
15Uganda
17%

Score Distribution

Percentile by Number Answered

Percent of People with Each Score

Your Score History

You have not taken this quiz since the last reset